000 00508nam a2200145Ia 4500
008 100204s9999 xx 000 0 und d
082 _b10375
100 _aपांढरीपांडे विजय
245 _aटोकियो टॉवर वरुन
260 _b"मधुर पब्लिकेशन , पुणे 2"
_c1988
300 _a116
630 _aटोकियो टॉवर वरुन
730 _aटोकियो टॉवर वरुन
942 _cBOOK
999 _c454811
_d454808